000 00305cam a2200133ua 4500
041 _amal
_h
082 _a894.812 301
_bVAR/HR
100 _aVarkey, Ponkunnam .
245 _aHridayanadam /
_cPonkunnam Varkey.
_hTextual Documents
300 _a100 ; .
504 _a
942 _cBK
999 _c6620
_d6620